<?xml version="1.0" encoding="UTF-8"?>
<record
    xmlns:xsi="http://www.w3.org/2001/XMLSchema-instance"
    xsi:schemaLocation="http://www.loc.gov/MARC21/slim http://www.loc.gov/standards/marcxml/schema/MARC21slim.xsd"
    xmlns="http://www.loc.gov/MARC21/slim">

  <leader>02248nas a2200277Ia 4500</leader>
  <controlfield tag="001">R050-S2294</controlfield>
  <controlfield tag="003">IT-CnALBA</controlfield>
  <controlfield tag="008">170116c99999999xx ||||||||||||   ||und||</controlfield>
  <datafield tag="040" ind1=" " ind2=" ">
    <subfield code="a">IT-CnALBA</subfield>
    <subfield code="c">IT-CnALBA</subfield>
  </datafield>
  <datafield tag="041" ind1=" " ind2=" ">
    <subfield code="a">ITALIANO</subfield>
  </datafield>
  <datafield tag="100" ind1=" " ind2=" ">
    <subfield code="a">LUCATELLO ENRICO</subfield>
  </datafield>
  <datafield tag="210" ind1=" " ind2=" ">
    <subfield code="a">L'OSSERVATORE ROMANO</subfield>
  </datafield>
  <datafield tag="222" ind1=" " ind2=" ">
    <subfield code="a">L'OSSERVATORE ROMANO</subfield>
  </datafield>
  <datafield tag="245" ind1=" " ind2="0">
    <subfield code="a">L'OSSERVATORE ROMANO DELLA DOMENICA. 5 GENNAIO 27 DICEMBRE 1936. </subfield>
  </datafield>
  <datafield tag="250" ind1=" " ind2=" ">
    <subfield code="a">1a ed.</subfield>
  </datafield>
  <datafield tag="260" ind1=" " ind2=" ">
    <subfield code="a">CITT&#xC0; DEL VATICANO </subfield>
    <subfield code="c">1936 [1&#xB0; Ed.:1936 - Ed.Ling.Originale: 1936]</subfield>
  </datafield>
  <datafield tag="300" ind1=" " ind2=" ">
    <subfield code="a">16 p. </subfield>
  </datafield>
  <datafield tag="310" ind1=" " ind2=" ">
    <subfield code="a">SETTIMANALE</subfield>
  </datafield>
  <datafield tag="362" ind1=" " ind2=" ">
    <subfield code="a">Fascicolo: 88-140 / Anno: 3 (1936)</subfield>
  </datafield>
  <datafield tag="500" ind1=" " ind2=" ">
    <subfield code="a">DUE MODI DI RISPONDERE. AUGURI AL S. PADRE. ALCUNI CENTENARI DELL'ANNO 1936. OPERAZIONI MILITARI NELL'AFRICA ORIENTALE. CALENDARIO LITURGICO DELLA SETTIMANA. LE SOLITE CHIACCHIERE. LA PAROLA DI DIO, DOMENICA DOPO LA CIRCONCISIONE. I SANTI DELLA SETTIMANA. FESTE MOBILI ANNO 1936. VITA CATTOLICA ITALIANA. CHIESE MODERNE E L'AZIONE CATTOLICA. CONCORSO GIOVENT&#xD9; AZIONE CATTOLICA. CATTOLICI E CINEMATOGRATO. CONVEGNO LAUREATI CATTOLICI. PAGINA RAGAZZI. L'EPIFANIA DI MARIO. IL LAGHETTO INCANTATO. LA SETTIMANA ILLUSTRATA. AZIONE MISSIONARIA. NOTIZIARIO. PROBLEMI DEL GIORNO. IL COMUNISMO CONTINUA. L'URUGUAY ROMPE RELAZIONI CON MOSCA. MANOVRE IN MONGOLIA E JUGOSLAVIA. PROPAGANDA IN FRANCIA. PAROLE STONATE. </subfield>
  </datafield>
  <datafield tag="501" ind1=" " ind2=" ">
    <subfield code="a">Societ&#xE0; San Paolo EM - Piazza San Paolo, 14 - 12051 ALBA (CN)  (non commercial uses only) &#xAE; Copyright 2017</subfield>
  </datafield>
  <datafield tag="520" ind1=" " ind2=" ">
    <subfield code="a">DUE MODI DI RISPONDERE. AUGURI AL S. PADRE. ALCUNI CENTENARI DELL'ANNO 1936. OPERAZIONI MILITARI NELL'AFRICA ORIENTALE. CALENDARIO LITURGICO DELLA SETTIMANA. LE SOLITE CHIACCHIERE. LA PAROLA DI DIO, DOMENICA DOPO LA CIRCONCISIONE. I SANTI DELLA SETTIMANA. FESTE MOBILI ANNO 1936. VITA CATTOLICA ITALIANA. CHIESE MODERNE E L'AZIONE CATTOLICA. CONCORSO GIOVENT&#xD9; AZIONE CATTOLICA. CATTOLICI E CINEMATOGRATO. CONVEGNO LAUREATI CATTOLICI. PAGINA RAGAZZI. L'EPIFANIA DI MARIO. IL LAGHETTO INCANTATO. LA SETTIMANA ILLUSTRATA. AZIONE MISSIONARIA. NOTIZIARIO. PROBLEMI DEL GIORNO. IL COMUNISMO CONTINUA. L'URUGUAY ROMPE RELAZIONI CON MOSCA. MANOVRE IN MONGOLIA E JUGOSLAVIA. PROPAGANDA IN FRANCIA. PAROLE STONATE. </subfield>
  </datafield>
  <datafield tag="650" ind1=" " ind2=" ">
    <subfield code="a">PERIODICI</subfield>
  </datafield>
  <datafield tag="942" ind1=" " ind2=" ">
    <subfield code="c">CR</subfield>
  </datafield>
  <datafield tag="957" ind1=" " ind2=" ">
    <subfield code="7">1</subfield>
  </datafield>
  <datafield tag="999" ind1=" " ind2=" ">
    <subfield code="a">64192</subfield>
    <subfield code="b">SI </subfield>
    <subfield code="g">1</subfield>
    <subfield code="c">330892</subfield>
    <subfield code="d">330892</subfield>
  </datafield>
  <datafield tag="952" ind1=" " ind2=" ">
    <subfield code="0">0</subfield>
    <subfield code="1">0</subfield>
    <subfield code="4">0</subfield>
    <subfield code="6">R_050S2294</subfield>
    <subfield code="7">1</subfield>
    <subfield code="a">ALBA</subfield>
    <subfield code="b">ALBA</subfield>
    <subfield code="d">2017-01-16</subfield>
    <subfield code="l">0</subfield>
    <subfield code="o">R050-S2294</subfield>
    <subfield code="r">2017-01-16 00:00:00</subfield>
    <subfield code="w">2017-01-16</subfield>
    <subfield code="y">CR</subfield>
    <subfield code="z">(data import: 16 gennaio 2017) - By Epidotti, Vaglietti. </subfield>
  </datafield>
</record>
